000
00258nmm a2200097Ia 4500
008
220120s9999||||xx |||||||||||||||||und||
020
_a
0-07-052929
100
_a
Digit
245
0
_a
June 2011: Tips and tricks applications, panda antivirus, me
260
_c
2011
999
_c
139678
_d
139678